Practical designs for drilling, milling and tapping tools /
Guardado en:
| Autor Principal: | |
|---|---|
| Formato: | Libro |
| Idioma: | English |
| Publicado: |
New York :
McGraw-Hill,
1946.
|
| Edición: | 2. ed. |
| Etiquetas: |
Agregar Etiqueta
Sin Etiquetas, Sea el primero en etiquetar este registro!
|
| LEADER | 00486nam a22001575a 4500 | ||
|---|---|---|---|
| 001 | EUN.um034342 | ||
| 003 | AR-BaUNS | ||
| 005 | 20050623122908.0 | ||
| 008 | 041125s1946####xxua##########000#0#eng#d | ||
| 245 | 1 | 0 | |a Practical designs for drilling, milling and tapping tools / |c C.W. Hinnan. |
| 260 | |a New York : |b McGraw-Hill, |c 1946. | ||
| 300 | |a 403 p. : |b ilus ; |c 22,5 cm. | ||
| 100 | 1 | |a Hinnan, C.W. | |
| 082 | 0 | 4 | |a 621.95 |
| 250 | |a 2. ed. | ||
| 859 | |a Ar-BaUNS |b BIB. CENTRAL - Sector C |h 621.95 |i H593a2 |p 1538/961 | ||
